000 00525nam a22002057a 4500
003 koha_MIRAKIL
005 20231213095956.0
008 231213b |||||||| |||| 00| 0 ||| d
020 _b978-9-75162287-7
040 _aTR-IsEVY
_btur
_cTR-IsEVY
082 _a930 CHI/D
100 _aChilde, V. Gordon.
245 0 _aDoğu'nun prehistoryası
250 _a3. bs.
260 _bTürk Tarih Kurumu,
_c2010
300 _a250 s.
650 _aCivilization, Ancient.
650 _aEski şark eserleri.
942 _2ddc
_cBK
999 _c12476
_d12476